| 000 | 01173nam0a22003131 4500 | ||
|---|---|---|---|
| 001 | v19\rc\1296036 | ||
| 005 | 20260406164953.0 | ||
| 035 | _a(NLR Aleph) 004442591 | ||
| 090 |
_a4422175 _c4422175 |
||
| 100 | _a20060306e18621862|||y0rusy50 ca | ||
| 101 | 0 | _arus | |
| 102 | _aRU | ||
| 105 | _ay z ||||| | ||
| 200 | 1 | _aОтчет Славянского общества или Благотворительного комитета, читанный в заседании 1862 г. января 25 | |
| 210 |
_aМосква _d1862 |
||
| 215 |
_a[2], 12 с. _d17 |
||
| 311 | _aИз газ. "День". № 17 | ||
| 488 | 0 |
_12001#$aДень$v№ 17 _tДень |
|
| 517 | 0 | _aОтчет Благотворительного комитета, читанный в заседании 1862 г. января 25 | |
| 710 | 0 | 2 |
_aСлавянский благотворительный комитет _cМосква _9367666 _3RU\NLR\AUTH\889936429 |
| 801 | 0 |
_aRU _bNLR _gpsbo |
|
| 801 | 0 |
_aRU _bRuMoRGB _2psbo |
|
| 801 | 1 |
_aRU _bProSoft-M _2rusmarc |
|
| 852 |
_aNLR _j18.122.6.379 |
||
| 852 |
_aNLR _j18.157.4.216 |
||
| 899 | _aБАН | ||
| 899 | _aГПИБ | ||
| 942 | _cBOOK | ||
| 980 | _aNB | ||